00853nam a22002417a 450000500170000000800410001702000180005804000070007604100080008308200230009110000300011424500270014426000390017130000260021036500570023652002040029365000250049765000190052265000210054165000180056270000150058070000160059520260216093030.0240116b ||||| |||| 00| 0 eng d a9789355408099 cAL aeng 223a658.1511bGUPM aShashi K Gupta and others aManagement Accounting  aLudhianabKalyani Publishersc2024 axii,343pbPBc24x18cm 2Commercea7221b236.00c₹d295.00e20%f13-01-2024 aContents: Introduction to Management Accounting Financial Statements Analysis and Interpretation Ratio Analysis Cash Flow Analysis Management Audit and Reporting Budgeting Control Funds Flow Analysis aFinancial Statements aRatio Analysis aNEP 6Th Sem BCom aBCom VIth sem aSharma R K aGupta Neeti